LEADER 01029nam a2200265 i 4500 001 991003850149707536 005 20020506105550.0 008 010315s1966 us ||| | eng 035 $ab10563271-39ule_inst 035 $aEXGIL127923$9ExL 040 $aBiblioteca Interfacoltà$bita 082 0 $a305.563 100 1 $aWolf, Eric R.$0143502 245 10$aPeasants /$cEric R. Wolf 260 $aEnglewood Cliffs, N.J. :$bPrentice-Hall,$c[1966 300 $aXII, 116 p. :$bill. ;$c24 cm. 490 0 $aFoundations of modern anthropology series 650 4$aContadini$xCondizioni economiche e sociali 907 $a.b10563271$b23-02-17$c27-06-02 912 $a991003850149707536 945 $aLE002 Dir. IV L 28$g1$iLE002-30757/P7$lle002$o-$pE0.00$q-$rl$s- $t0$u0$v0$w0$x0$y.i10646103$z27-06-02 945 $aLE009 STOR.91-106$g1$i2009000367395$lle009$o-$pE0.00$q-$rl$s- $t0$u0$v0$w0$x0$y.i12831207$z12-11-03 996 $aPeasants$9235790 997 $aUNISALENTO 998 $ale002$ale009$b01-01-01$cm$da $e-$feng$gus $h0$i1 LEADER 01474nam 2200457 450 001 9910793067503321 005 20200520144314.0 010 $a1-4232-2135-4 035 $a(CKB)3710000001404163 035 $a(MiAaPQ)EBC4877092 035 $a(Au-PeEL)EBL4877092 035 $a(CaPaEBR)ebr11397742 035 $a(OCoLC)990550047 035 $a(BIP)045913678 035 $a(EXLCZ)993710000001404163 100 $a20190123d2013 uy 0 101 0 $aeng 135 $aurcnu|||||||| 181 $ctxt$2rdacontent 182 $cc$2rdamedia 183 $acr$2rdacarrier 200 00$aBiology terminology 210 1$a[Place of publication not identified] :$cBarCharts, Inc.,$d[2013] 215 $a1 online resource (6 pages) 225 1 $aQuick Study Academic 311 $a1-4232-2151-6 330 8 $aEssential terminology for Biology study pulled together in one guide to maximize success in College and High School courses. Succinct definitions by our resident Ph.D., Biology author and professor ensure the usefulness of this handy guide from high school to college. 410 0$aQuickStudy academic. 606 $aBiology$vTerminology 610 $aBIOLOGY 610 $aSCIENCE 615 0$aBiology 676 $a574.014 700 $aBrooks$b Randy$01477668 801 0$bMiAaPQ 801 1$bMiAaPQ 801 2$bMiAaPQ 906 $aBOOK 912 $a9910793067503321 996 $aBiology terminology$93838356 997 $aUNINA